00769nam a2200241Ia 4500003000400000005001700004008004100021040000700062041000800069082001900077100004500096245002700141260005400168300001000222365001300232440000900245650003700254650003000291906002700321942001200348999001900360952014800379OSt20230522155512.0210423s2002 xx 000 0 und d cAL aeng a323 223bIIHR aINDIAN INSTITUTE OF HUMAN RIGHTS9110708 aWomen and human rights aNew DelhibIndian Institute of Human Rightsc2002 a1,132 b250cINR v4C.2 aCivil & Political Rights9110709 aPolitical Science9110710 ahuman ; rights ; Women 2ddccBK c172759d172759 001040708MSWaSACPGbSACPGd2002-04-11eIndian Institute of Human Rightsg250.00l0o323 IIHRpPG019314r2022-08-24 00:00:00w2021-04-26yBK